banner-ar

هدر الامكانية: بحث فى مدى تقدم الشعب العربى نحو غاياته(هدية من الاديب الجمل) / (Record no. 46756)

MARC details
000 -الفاتح
حقل البيانات ثابتة الطول 00632nam a2200181Ia 4500
005 - وقت وتاريخ اخر تعامل مع التسجيلة
رقم الضبط 20240530104343.0
008 - عناصر البيانات ثابتة الطول - معلومات عامة
حقل البيانات ثابتة الطول 140319s9999 xx 000 0 ara d
040 ## - مصدر الفهرسة
وكالة الفهرسة الأصلية GCL /
وكالة النسخ GCL
082 04 - رقم تصنيف ديوى العشرى
رقم التصنيف 338.9
رقم المادة ن هـ
100 1# - المدخل الرئيسى - إسم شخصى
الإسم الشخصى نادر فرجانى
245 10 - بيان العنوان
العنوان هدر الامكانية: بحث فى مدى تقدم الشعب العربى نحو غاياته(هدية من الاديب الجمل) /
بيان المسئوليه,etc نادر فرجانى
300 ## - الوصف المادى
التعداد 128
490 ## - بيان السلسلة
عنوان السلسلة 100 قصة
رقم المجلد/ التعيين التسلسلي 0
650 04 - المدخل الاضافى بالموضوع-مصطلح موضوعى
مصطلح موضوعي التنمية الصناعية
650 04 - المدخل الاضافى بالموضوع-مصطلح موضوعى
مصطلح موضوعي العالم العربى - التنمية الاقتصادية
942 ## - عناصر المدخل الإضافي( كوها)
مصدر التصنيف او مخطط الترفيف Dewey Decimal Classification
Koha [default] item type كتاب
Holdings
حالة التراجع حالة الفقد حالة تلف ليس للاعارة المكان المؤقت الموقع الحالى تاريخ الاكتساب اجمالي اﻻعارات رقم الطلب الباركود تاريخ اخر مشاهدة تاريخ تفعيل السعر نوع وعاء كوها مصدر التصنيف او خطة الترفيف
        مكتبة القاهرة الكبرى مكتبة القاهرة الكبرى 03/26/2014   338.9\ن هـ 113738 03/26/2014 03/26/2014 كتاب  
        مكتبة القاهرة الكبرى مكتبة القاهرة الكبرى 11/07/2021   338.9\ ن هـ 167190 11/07/2021 11/07/2021 كتاب ddc
        مكتبة القاهرة الكبرى مكتبة القاهرة الكبرى 04/19/2022   338.9\ن هـ 167790 04/19/2022 04/19/2022 كتاب ddc

Powered By

EGPV